000 00816nam a2200241 u 4500
001 000036158
003 DO-SdBNP
005 20250318151225.0
008 111221s1965 dr r 000 0 spa d
040 _aDO-SdBNP
_bspa
_cBNPHU
049 _aBNPD
082 _a946.02
_bP979e
100 1 _aPuiggros, Rodolfo
_962189
245 1 3 _aLa España que conquisto el nuevo mundo /
_cRodolfo Puiggros.
260 _aNicaragua :
_bEdiciones Culturales,
_c1965.
300 _a222 p. ;
_c21 cm.
504 _aBibliografía: p. 213-218
651 4 _aEspaña
_xHistoria
_y711-1516
_915648
651 4 _aEspaña
_xHistoria
_yCHARLES I, 1516-1556
_962194
651 4 _aAmérica --
_xDescubrimiento y exploración --
_xEspañoles
_9544
_vEnsayo, conferencias, etc.
910 _aValidado. Control de calidad MFF
942 _2ddc
_cLBS1
999 _c35649
_d35649